عرض عادي
عرض مارك
- Napier, Jemina
مدخل إسم شخص
001 - رقم الضبط
- حقل الضبط: 45041
003 - معرف رقم الضبط
- حقل الضبط: OSt
005 - تاريخ ووقت أخر عملية
- حقل الضبط: 20140514140319.0
008 - عناصر بيانات ثابتة الطول
- حقل تحكم ثابت الطول: 140514|||a|||||| | ||| d
040 ## - مصدر الفهرسة
- هيئة الفهرسة الأصلية: OSt
- وكالة الكتابة: OSt
100 ## - مدخل -- أسم شخص
- إسم شخص: Napier, Jemina
670 ## - بيانات المصدر موجوده
- الاستشهاد بالمصدر: Work cat.: (OSt)0: Hale, Sandra 45036, Research methods in interpreting :, 2013
